The end of the West : (Record no. 15339)

000 -LEADER
fixed length control field 01365cam a22003374a 4500
001 - CONTROL NUMBER
control field 16531829
005 - DATE AND TIME OF LATEST TRANSACTION
control field 20170105102916.0
008 - FIXED-LENGTH DATA ELEMENTS--GENERAL INFORMATION
fixed length control field 101104s2011 nju b 001 0 eng
010 ## - LIBRARY OF CONGRESS CONTROL NUMBER
LC control number 2010046141
020 ## - INTERNATIONAL STANDARD BOOK NUMBER
International Standard Book Number 9780691141596 (hardcover : acidfree paper)
020 ## - INTERNATIONAL STANDARD BOOK NUMBER
International Standard Book Number 0691141592 (hardcover : acidfree paper)
035 ## - SYSTEM CONTROL NUMBER
System control number (OCoLC)ocn679940581
040 ## - CATALOGING SOURCE
Original cataloging agency DLC
Transcribing agency DLC
Modifying agency YDX
-- BTCTA
-- YDXCP
-- BWX
-- CDX
-- DLC
042 ## - AUTHENTICATION CODE
Authentication code pcc
043 ## - GEOGRAPHIC AREA CODE
Geographic area code e------
050 00 - LIBRARY OF CONGRESS CALL NUMBER
Classification number JN30
Item number .M3536 2011
082 00 - DEWEY DECIMAL CLASSIFICATION NUMBER
Classification number 320.94
Edition number 22
100 1# - MAIN ENTRY--PERSONAL NAME
Personal name Marquand, David.
245 14 - TITLE STATEMENT
Title The end of the West :
Remainder of title the once and future Europe /
Statement of responsibility, etc. David Marquand.
260 ## - PUBLICATION, DISTRIBUTION, ETC.
Place of publication, distribution, etc. Princeton :
Name of publisher, distributor, etc. Princeton University Press,
Date of publication, distribution, etc. c2011.
300 ## - PHYSICAL DESCRIPTION
Extent xv, 204 p. ;
Dimensions 22 cm.
490 1# - SERIES STATEMENT
Series statement The public square book series
504 ## - BIBLIOGRAPHY, ETC. NOTE
Bibliography, etc. note Includes bibliographical references (p. 179-187) and index.
505 0# - FORMATTED CONTENTS NOTE
Formatted contents note Weighing like a nightmare -- Hate-and hope -- The revenge of politics -- Which boundaries? Whose history?
651 #0 - SUBJECT ADDED ENTRY--GEOGRAPHIC NAME
Geographic name European Union countries
General subdivision Politics and government
Chronological subdivision 21st century.
651 #0 - SUBJECT ADDED ENTRY--GEOGRAPHIC NAME
Geographic name Europe
General subdivision Politics and government
Chronological subdivision 21st century.
830 #0 - SERIES ADDED ENTRY--UNIFORM TITLE
Uniform title Public square (Princeton, N.J.)
906 ## - LOCAL DATA ELEMENT F, LDF (RLIN)
a 7
b cbc
c orignew
d 1
e ecip
f 20
g y-gencatlg
942 ## - ADDED ENTRY ELEMENTS (KOHA)
Source of classification or shelving scheme
Koha item type Book
Holdings
Withdrawn status Lost status Damaged status Not for loan Collection code Permanent Location Current Location Shelving location Date acquired Total Checkouts Full call number Barcode Date last seen Price effective from Koha item type
          Centre for International Peace & Stability (CIPS) Centre for International Peace & Stability (CIPS) General Stacks 10/02/2013   320.94 MAR 2011 CIPS0002371 11/27/2013 11/27/2013 Book
© 2023 Central Library, National University of Sciences and Technology. All Rights Reserved.